| 000 | 00497nam a2200205Ia 4500 | ||
|---|---|---|---|
| 008 | 170918s9999 xx 000 0 und d | ||
| 020 | _a9780516280035 | ||
| 050 | _bY736 2006 | ||
| 100 | _aYoung, June | ||
| 245 | _aEnergy is everywhere / | ||
| 245 | _cby June Young. | ||
| 260 | _aNew York : | ||
| 260 | _bChildren's Press, | ||
| 260 | _c2006 | ||
| 300 | _a31 pages : | ||
| 300 | _bcolored illustration ; | ||
| 300 | _c18cm. | ||
| 300 | _eRookie read-about science. | ||
| 500 | _aBR | ||
| 999 |
_c343180 _d343180 |
||